| 000 | 00706nam a2200241 a 4500 | ||
|---|---|---|---|
| 999 |
_c7426 _d7426 |
||
| 003 | OSt | ||
| 005 | 20211123134452.0 | ||
| 008 | 971218s1997 sp |||||| 000 1|spa| | ||
| 017 | _aDL B. 24863-1997 | ||
| 020 | _a8401375843 | ||
| 040 |
_bcat _cCDMR |
||
| 043 | _ae-yu--- | ||
| 080 | _a860-3"19" | ||
| 100 | 1 |
_aFuentes, Julio _92144 |
|
| 245 | 1 | 0 |
_aSarajevo : _bjuicio final / _cJulio Fuentes |
| 260 |
_aBarcelona : _bPlaza & Janés, _c1997 |
||
| 300 |
_a167 p. ; _c20 cm |
||
| 650 | 0 | 0 |
_aGuerra Iugoslava, 1991-1995 _93584 |
| 650 | 0 | 0 |
_aReportatges literaris _9797 |
| 650 | 0 | 0 |
_aCorresponsals de guerra _93678 _vRelats personals |
| 651 | 7 |
_aSarajevo- _xHistoria- _y1991-1995 _2lemac |
|
| 942 |
_2udc _cMON |
||